Cartoon/Comic Characters By Camel Quiz Stats

Quiz not verified by Sporcle

Score 0/20 Timer 10:00
0 Plays Today
% Correct
Batman and Robin
99.3%
Popeye
99%
Mickey and Minnie Mouse
93.2%
The Pink Panther
93.2%
Daffy Duck
93%
Donald Duck
92%
Snoopy and his Sopwith Camel
89.5%
Scooby-Doo
87.4%
Porky Pig
86.5%
Yosemite Sam
81.1%
% Correct
Scrooge McDuck
79%
Raggedy Ann and Raggedy Andy
68.7%
Tintin
59.5%
Veggie Tales
58.9%
Jonny Quest
53.3%
Asterix and Obelix
43.5%
Kaboobie the Flying Camel (From Shazzan)
23.4%
Buzz Buzzard (from Woody Woodpecker)
19%
Spritle and Chim Chim (From Speed Racer)
13%
Herbie Popnecker
5.9%

You're not logged in!

Compare scores with friends on all Sporcle quizzes.
Sign Up with Email
OR
Log In

You Might Also Like...

Show Comments

Extras

Top Quizzes Today


Score Distribution

Your Account Isn't Verified!

In order to create a playlist on Sporcle, you need to verify the email address you used during registration. Go to your Sporcle Settings to finish the process.